00476nam a22001577a 4500003000500000005001700005008004100022020002200063040000900085082001400094245007800108260007500186300001100261630001900272630002700291ASAB20180117115808.0170418b xxu||||| |||| 00| 0 eng d a978-81-7758-181-2 cASAB a572.60285 aProtein bioinformatics bfrom sequence to functioncby M. Michael Gromiha aIndiabElsevier = (Printed in india by) Replika Press Pvt. Ltd.cc2010 a320 P. aBioinformatics aProtein Bioinformatics